00954nam a2200253 a 450000100060000000300080000600500170001400800410003103500190007204000270009104100080011808200250012610000340015124500450018526000410023030000210027149000530029250400510034565000760039683000610047294200120053399900170054595201380056262965BD-RjUL20211209081139.0170126s1973 nyu b 001 0 eng  a(BD-RjUL)63093 aDLCcDLCdBD-RjULbeng aeng00a833.03223bWAG 19731 aWagener, Hans,d1940-918725514aThe German baroque novel /cHans Wagener aNew York :bTwayne Publishers,c1973 a183 p. ;c21 cm.0 aTwayne's world authors series, TWAS 299. Germany aIncludes index and bibliographical references. 0aGerman fictionyEarly modern, 1500-1700xHistory and criticism.9187256 aTwayne's world authors series, TWAS 299. Germany9187258 2ddccBK c62965d62965 00102ddc40718NFICaRUCLbRUCLcReadingd1985-11-28eAsia Foundationl0o833.03 WAG 1973r2017-01-26 00:00:00tC-1w2017-01-26yBK